Los fichajes más caros del fútbol - Nacidos en 1983 - Estadísticas

Estadísticas generales
  • Esta prueba ha sido intentada 52 veces
  • La puntuación promedio es 4 de 10
Estadísticas de respuestas
Coste (M €) Temporada Nacionalidad Último club Nuevo club Jugador % Correcto
35,50 2008-2009 Brasil Sevilla FC FC Barcellona Dani Alves
100%
30,00 2010-2011 Costa de Marfil FC Barcelona Manchester City Yaya Touré
88%
30,70 2012-2013 Países Bajos Arsenal Manchester United Robin van Persie
76%
30,00 2007-2008 Portugal Oporto Real Madrid Pepe
67%
30,00 2007-2008 Francia Marsella Bayern Múnich Franck Ribéry
50%
27,00 2008-2009 Países Bajos Ajax Real Madrid Klaas-Jan Huntelaar
26%
24,60 2008-2009 Portugal Oporto Inter Ricardo Quaresma
17%
24,00 2009-2010 Argentina Oporto Lyon Lisandro López
10%
30,00 2008-2009 Portugal Dinamo Moscú Zenit Danny
2%
25,00 2009-2010 Brasil Fiorentina Juventus Felipe Melo
2%
No se encontraron pruebas coincidentes
Distribución de puntuación
Porcentaje de gente con cada puntuación
Porcentaje por número respondido
Historial de tus puntuaciones
No has intentado esta prueba.